00913cam a22002417a 4500003000500000005001700005008004100022010001000063011001000073035001000083040000900093100003600102245022100138260004100359300003200400502009700432650003400529650001900563650002000582650001900602650001900621700003100640CHAP20220329141825.0971117d1997 mx r 00110 spa d a74415 a75387 a84948 cCHAP00aOlaís Reyes, José Adrián.10aCostos de producción y comercialización de tuna (Opuntia sp.) de una empresa comercializadora de tuna establecida en el municipio de Ojuelos, Jaliscoc/por José Adrián Olaís Reyes y Osman Ruvalcaba Palacios aChapingo, Méx. :bEl autor,c1997. a74 h. :bcuadros ; gráfs. aTesis (Ing. Agr. Esp. en Economía Agrícola) -- UACH. Departamento de Economia Agrícola14aTunaxCostos de producción.14aTunaxJalisco.14aTunaxMercadeo.24aTunaxEmpaque.24aTunaxPrecios.0 aRuvalcaba Palacios, Osman.